000 00683nam a2200229Ia 4500
003 OSt
005 20220923220819.0
006 a|||||r|||| 00| 0
007 ta
008 220922b |||||||| |||| 00| 0 hin d
024 _a190,792
037 _cTextual
040 _aARTS
_cARTS
_bhin
041 _2hin
_ahin
082 _aR631v, 152J0;L9
100 _aशास्त्री, उदयवीर
245 0 _aसांख्यदार्शन का इतिहास
246 _aSāankhyadārshan kā itihāsa
260 _c1950
942 _hR631v, 152J0;L9
_cTEXL
_2CC
999 _c343539
_d343539